BIBLIOTHÈQUE DE LA MAISON DU MEXIQUE

Logo 1 Logo 2

Quetzalcóatl (notice nᵒ 11402)

détails MARC
000 -Sello discográfico
campo de control de longitud fija 00803nam a2200289 4500
005 - Identificación de versión
campo de control 20251017062722.0
035 ## - Otros números de control del sistema
Número de control del sistema 9783
099 ## - fechas locales
Tipo de ítem Koha LIBRO
100 ## - Datos de procesamiento general
Datos de procesamiento general 20040521d1968 m y1spay5003 ba
105 ## - Campo de datos codificados: Material textual, monográfico
Datos codificados de monografía a 001zy
200 1# - Título y mención de responsabilidad
Título propio Quetzalcóatl
Designación general del material texto impreso
Primer mención de responsabilidad Miguel León Portilla
205 ## - Declaración de edición
Declaración de edición 1a ed
210 ## - Publicación, distribución, etc.
Lugar de publicación, distribución, etc. México
Nombre del editor, distribuidor, etc. Fondo de Cultura Económica
Fecha de publicación, distribución, etc. 1968
215 ## - Descripción física
Designación de material específico y extensión del ítem 101 p
Otras características físicas il.
Dimensiones 17 cm
345 ## - Nota de información de adquisición
Fuente de adquisición/dirección de la suscripción [OBSOLETO] Donación
410 #1 - Series
Título Presencia de México
Número de volumen 1
600 ## - Nombre personal usado como materia
Elemento de entrada Quetzalcóatl (Deidad azteca)
Número Koha 2147
660 ## - Código de área geográfica
Código MX
700 ## - Nombre personal - Responsabilidad primaria
Elemento de entrada León Portilla
Parte del nombre distinta del elemento de entrada Miguel
Fechas 1926-2019
Número Koha 33
801 #0 - Fuente de origen
Agencia cm
900 ## -
-- 1/7493
900 ## -
-- 7100419258\210504
942 ## - ELEMENTOS DE ENTRADA SECUNDARIOS (KOHA)
Tipo de ítem Koha Livre
996 ## -
-- MEX
-- 751145101
-- MMAG
-- 005901
-- 917.208 P933 V.1
-- 20220119LIV
Exemplaires
Estatus retirado Estado de daño Estado de pérdida Fecha de adquisición Biblioteca de origen Biblioteca actual Ubicación en estantería Código de barras Precio de reemplazo Signatura topográfica completa No para préstamo Tipo de ítem Koha Nota pública Nota no pública
      05/08/2025 Casa México Paris Casa México Paris   005901 05/08/2025 917.208 P933 V.1   Livre 20220119LIV 751145101